| 000 | 00650nam a22002294a 4500 | ||
|---|---|---|---|
| 020 | _a2738010555 | ||
| 020 | _a9782738010551 | ||
| 040 | _cCAI | ||
| 082 | _a636 INR 2005 A090 Or. | ||
| 245 | 0 | 0 | _aManuel de zootechnie comparee Nord-Sud / |
| 260 |
_aParis : _bINRA Editions, _cc2005. |
||
| 300 |
_axvii, 637 p. : _bill. ; _c24 cm. |
||
| 500 | _aCo-publ. par: AUF, Agence universitaire de la Francophone. | ||
| 650 | 6 | _aElevage. | |
| 650 | 6 | _aSystemes agricoles. | |
| 650 | 6 | _aMedecine veterinaire. | |
| 650 | 0 | _aAnimal breeding. | |
| 650 | 0 | _aAgricultural systems. | |
| 650 | 0 | _aVeterinary medicine. | |
| 700 | 1 | _aThewis, A. | |
| 942 | _cEK | ||
| 999 |
_c15846 _d15846 |
||